[Event "Groningen Festival 2018"]
[Site "Groningen"]
[Date "2018.12.28"]
[Round "7"]
[White "Lahaye, Rick"]
[Black "Kabos, Tobias"]
[Result "1/2-1/2"]
[WhiteElo "2404"]
[BlackElo "2299"]
[Annotator "NA"]
[PlyCount "107"]
[EventDate "2018.12.22"]
[EventType "swiss"]
[EventCountry "NED"]
[SourceTitle "playchess.com"]
[Source "ChessBase"]
[SourceQuality "1"]
[TimeControl "40/5400+30:1800+30"]

1. c4 {[%emt 0:00:00]} Nf6 {[%emt 0:06:34]} 2. e3 {[%emt 0:01:16]} g6 {[%emt 0:04:51]} 3. Nc3 {[%emt 0:01:34]} Bg7 {[%emt 0:00:26]} 4. g4 {[%emt 0:04:16]} d6 {[%emt 0:03:27]} 5. g5 {[%emt 0:03:14]} Nfd7 {[%emt 0:00:10]} 6. Bg2 {[%emt 0:00:29]} Nc6 {[%emt 0:08:08]} 7. d3 {[%emt 0:05:22]} e6 {[%emt 0:09:36]} 8. h4 {[%emt 0:05:03]} a6 {[%emt 0:08:32]} 9. Nh3 {[%emt 0:07:16]} h6 {[%emt 0:08:36]} 10. Ne4 {[%emt 0:07:58]} hxg5 {[%emt 0:11:25]} 11. hxg5 {[%emt 0:07:03]} d5 {[%emt 0:03:10]} 12. Ng3 {[%emt 0:00:45]} dxc4 {[%emt 0:04:44]} 13. d4 {[%emt 0:01:59]} Nb6 {[%emt 0:01:35]} 14. f4 {[%emt 0:00:59]} Nd5 {[%emt 0:04:33]} 15. Nf2 {[%emt 0:00:35]} Rxh1+ {[%emt 0:01:01]} 16. Bxh1 {[%emt 0:00:08]} b6 {[%emt 0:04:35]} 17. Qe2 {[%emt 0:07:40]} Bb7 {[%emt 0:00:43]} 18. Qxc4 {[%emt 0:00:21]} Qd7 {[%emt 0:02:10]} 19. Bd2 {[%emt 0:01:24]} O-O-O {[%emt 0:00:33]} 20. O-O-O {[%emt 0:01:20]} Kb8 {[%emt 0:00:45]} 21. Nd3 {[%emt 0:02:36]} Ka7 {[%emt 0:01:11]} 22. Be4 {[%emt 0:06:53]} Rh8 {[%emt 0:04:33]} 23. Rh1 {[%emt 0:00:24]} Rxh1+ {[%emt 0:00:08]} 24. Bxh1 {[%emt 0:00:04]} Nde7 {[%emt 0:04:35]} 25. Qc2 {[%emt 0:03:59]} Nb8 {[%emt 0:02:20]} 26. Bxb7 {[%emt 0:01:31]} Kxb7 {[%emt 0:00:03]} 27. Ne4 {[%emt 0:01:13]} Qc6 {[%emt 0:02:02]} 28. Qxc6+ {[%emt 0:03:55]} Nbxc6 {[%emt 0:00:33]} 29. Bc3 {[%emt 0:00:24]} Nd5 {[%emt 0:00:57]} 30. Kd2 {[%emt 0:00:09]} Kc8 {[%emt 0:00:38]} 31. Nef2 {[%emt 0:00:21]} Kd7 {[%emt 0:00:34]} 32. e4 {[%emt 0:00:49]} Nxc3 {[%emt 0:00:48]} 33. bxc3 {[%emt 0:00:24]} Na5 {[%emt 0:00:40]} 34. Ng4 {[%emt 0:07:05]} Nc6 {[%emt 0:00:29]} 35. Ne1 {[%emt 0:02:57]} Na5 {[%emt 0:01:17]} 36. Kd3 {[%emt 0:00:31]} Nc6 {[%emt 0:00:09]} 37. Nf3 {[%emt 0:01:23]} Ke7 {[%emt 0:00:48]} 38. Ne3 {[%emt 0:00:44]} Kd7 {[%emt 0:00:23]} 39. a4 {[%emt 0:01:02]} Ke7 {[%emt 0:00:46]} 40. f5 {[%emt 0:11:12]} exf5 {[%emt 0:00:49]} 41. exf5 {[%emt 0:30:05]} gxf5 {[%emt 0:10:51]} 42. Nxf5+ {[%emt 0:00:00]} Kf8 {[%emt 0:00:06]} 43. Ke4 {[%emt 0:00:00]} Ne7 {[%emt 0:04:58]} 44. N3h4 {[%emt 0:00:00]} Bh8 {[%emt 0:01:09]} 45. c4 {[%emt 0:00:00]} Ke8 {[%emt 0:03:23]} 46. Nh6 {[%emt 0:00:00]} c6 {[%emt 0:03:25]} 47. d5 {[%emt 0:00:00]} cxd5+ {[%emt 0:03:21]} 48. cxd5 {[%emt 0:00:00]} Nc8 {[%emt 0:02:37]} 49. N4f5 {[%emt 0:00:00]} b5 {[%emt 0:00:39]} 50. axb5 {[%emt 0:00:00]} axb5 {[%emt 0:00:04]} 51. d6 {[%emt 0:00:00]} Nb6 {[%emt 0:00:20]} 52. Ne7 {[%emt 0:01:18]} Bc3 {[%emt 0:01:27]} 53. Nhg8 {[%emt 0:04:41]} Kd7 {[%emt 0:01:09]} 54. Nf5 {[%emt 0:01:23]} 1/2-1/2

[Event "Groningen Festival 2018"]
[Site "Groningen"]
[Date "2018.12.28"]
[Round "7"]
[White "Kollen, Zyon"]
[Black "Pruijssers, Roeland"]
[Result "1/2-1/2"]
[WhiteElo "2363"]
[BlackElo "2520"]
[Annotator "TA"]
[PlyCount "26"]
[EventDate "2018.12.22"]
[EventType "swiss"]
[EventCountry "NED"]
[SourceTitle "playchess.com"]
[Source "ChessBase"]
[SourceQuality "1"]

{[%evp 25,26,0,36]} 1. e4 e5 2. Nf3 Nc6 3. Bb5 a6 4. Ba4 Nf6 5. O-O Be7 6. Re1 b5 7. Bb3 d6 8. c3 O-O 9. h3 Re8 10. Ng5 $146 ({Predecessor:} 10. d4 Bb7 11. Nbd2 Bf8 12. d5 Nb8 13. Nf1 Nbd7 14. N3h2 c6 15. dxc6 Bxc6 16. Bg5 Qc7 17. Ng3 a5 18. Bxf6 Nxf6 19. Ng4 Nxg4 20. hxg4 a4 21. Bd5 Bxd5 22. Qxd5 {½-½ (39) Hou,Y (2654)-Vitiugov,N (2735) Karlsruhe/Baden-Baden 2018}) 10... Rf8 11. Nf3 Re8 12. Ng5 Rf8 13. Nf3 Re8 {LiveBook: 1473 Games} 1/2-1/2

[Event "Groningen Festival 2018"]
[Site "Groningen"]
[Date "2018.12.28"]
[Round "7"]
[White "Maris, Ivo"]
[Black "Warmerdam, Max"]
[Result "0-1"]
[WhiteElo "2351"]
[BlackElo "2433"]
[Annotator "NA"]
[PlyCount "82"]
[EventDate "2018.12.22"]
[EventType "swiss"]
[EventCountry "NED"]
[SourceTitle "playchess.com"]
[Source "ChessBase"]
[SourceQuality "1"]
[TimeControl "40/5400+30:1800+30"]

1. c3 {[%emt 0:04:09]} Nf6 {[%emt 0:01:03]} 2. d4 {[%emt 0:00:37]} d5 {[%emt 0:02:55]} 3. e3 {[%emt 0:04:52]} g6 {[%emt 0:06:13]} 4. Be2 {[%emt 0:04:29]} Bg7 {[%emt 0:00:09]} 5. f4 {[%emt 0:00:51]} Ne4 {[%emt 0:13:56]} 6. Nd2 {[%emt 0:02:12]} Nd6 {[%emt 0:01:14]} 7. Ngf3 {[%emt 0:06:15]} Nd7 {[%emt 0:01:28]} 8. Ne5 {[%emt 0:07:03]} Nf6 {[%emt 0:04:14]} 9. c4 {[%emt 0:01:50]} c6 {[%emt 0:22:09]} 10. cxd5 {[%emt 0:01:52]} cxd5 {[%emt 0:00:49]} 11. Qa4+ {[%emt 0:00:16]} Bd7 {[%emt 0:04:47]} 12. Nxd7 {[%emt 0:00:53]} Qxd7 {[%emt 0:00:33]} 13. Qxd7+ {[%emt 0:01:17]} Kxd7 {[%emt 0:00:07]} 14. Bd3 {[%emt 0:02:03]} Rhc8 {[%emt 0:10:13]} 15. Ke2 {[%emt 0:02:26]} e6 {[%emt 0:21:38]} 16. a4 {[%emt 0:03:49]} a5 {[%emt 0:01:45]} 17. Rb1 {[%emt 0:06:54]} Nfe4 {[%emt 0:00:43]} 18. Bxe4 {[%emt 0:11:02]} dxe4 {[%emt 0:00:20]} 19. b3 {[%emt 0:00:18]} b5 {[%emt 0:04:17]} 20. axb5 {[%emt 0:00:09]} Nxb5 {[%emt 0:00:01]} 21. Bb2 {[%emt 0:00:00]} Nd6 {[%emt 0:01:14]} 22. Rhc1 {[%emt 0:02:54]} Rxc1 {[%emt 0:00:32]} 23. Rxc1 {[%emt 0:00:12]} Bf8 {[%emt 0:00:16]} 24. Ra1 {[%emt 0:01:25]} Kc6 {[%emt 0:00:22]} 25. Rc1+ {[%emt 0:06:38]} Kd7 {[%emt 0:00:31]} 26. Ra1 {[%emt 0:05:06]} Kc6 {[%emt 0:00:01]} 27. Ra4 {[%emt 0:06:52]} Kb5 {[%emt 0:00:57]} 28. Ba3 {[%emt 0:08:21]} f5 {[%emt 0:00:05]} 29. Bxd6 {[%emt 0:00:48]} Bxd6 {[%emt 0:00:02]} 30. Nc4 {[%emt 0:00:06]} Bb4 {[%emt 0:00:52]} 31. Kf2 {[%emt 0:01:08]} Ra6 {[%emt 0:01:12]} 32. Ke2 {[%emt 0:02:05]} Rc6 {[%emt 0:00:29]} 33. Na3+ {[%emt 0:02:46]} Bxa3 {[%emt 0:00:06]} 34. Rxa3 {[%emt 0:00:01]} Rc2+ {[%emt 0:00:12]} 35. Kf1 {[%emt 0:00:01]} Rb2 {[%emt 0:00:32]} 36. h3 {[%emt 0:01:40]} h5 {[%emt 0:00:36]} 37. g4 {[%emt 0:01:28]} fxg4 {[%emt 0:00:18]} 38. hxg4 {[%emt 0:00:01]} hxg4 {[%emt 0:00:15]} 39. Ke1 {[%emt 0:02:41]} g3 {[%emt 0:00:20]} 40. Kf1 {[%emt 0:00:08]} Kb6 {[%emt 0:00:41]} 41. Kg1 {[%emt 0:31:58]} Re2 {[%emt 0:30:55]} 0-1

[Event "Groningen Festival 2018"]
[Site "Groningen"]
[Date "2018.12.28"]
[Round "7"]
[White "De Boer, Eelke"]
[Black "Schippers, Maurice"]
[Result "1-0"]
[WhiteElo "2327"]
[BlackElo "2270"]
[Annotator "NA"]
[PlyCount "185"]
[EventDate "2018.12.22"]
[EventType "swiss"]
[EventCountry "NED"]
[SourceTitle "playchess.com"]
[Source "ChessBase"]
[SourceQuality "1"]
[TimeControl "40/5400+30:1800+30"]

1. e4 {[%emt 0:00:00]} c5 {[%emt 0:00:00]} 2. Nf3 {[%emt 0:00:00]} Nc6 {[%emt 0:00:00]} 3. d4 {[%emt 0:00:00]} cxd4 {[%emt 0:00:00]} 4. Nxd4 {[%emt 0:00:00]} g6 {[%emt 0:00:00]} 5. c4 {[%emt 0:00:10]} Bg7 {[%emt 0:00:00]} 6. Be3 {[%emt 0:00:09]} Nf6 {[%emt 0:00:03]} 7. Nc3 {[%emt 0:00:06]} d6 {[%emt 0:00:17]} 8. Be2 {[%emt 0:09:07]} O-O {[%emt 0:00:10]} 9. O-O {[%emt 0:03:02]} Bd7 {[%emt 0:01:15]} 10. Qd2 {[%emt 0:00:24]} Nxd4 {[%emt 0:00:06]} 11. Bxd4 {[%emt 0:00:07]} Bc6 {[%emt 0:00:04]} 12. f3 {[%emt 0:00:08]} a5 {[%emt 0:00:14]} 13. b3 {[%emt 0:02:29]} Nd7 {[%emt 0:01:27]} 14. Be3 {[%emt 0:00:49]} Nc5 {[%emt 0:00:08]} 15. Rab1 {[%emt 0:00:07]} e6 {[%emt 0:00:32]} 16. Rfd1 {[%emt 0:02:23]} Be5 {[%emt 0:00:42]} 17. Bd4 {[%emt 0:00:15]} Qe7 {[%emt 0:01:35]} 18. Bf1 {[%emt 0:18:50]} Rad8 {[%emt 0:01:31]} 19. g3 {[%emt 0:01:15]} Bxd4+ {[%emt 0:05:45]} 20. Qxd4 {[%emt 0:02:58]} e5 {[%emt 0:03:08]} 21. Qe3 {[%emt 0:05:54]} f5 {[%emt 0:02:19]} 22. Bg2 {[%emt 0:05:22]} fxe4 {[%emt 0:03:29]} 23. fxe4 {[%emt 0:00:20]} Ne6 {[%emt 0:03:25]} 24. Rd2 {[%emt 0:03:52]} Kg7 {[%emt 0:06:46]} 25. Rbd1 {[%emt 0:03:30]} h5 {[%emt 0:07:34]} 26. a3 {[%emt 0:09:36]} h4 {[%emt 0:16:47]} 27. b4 {[%emt 0:01:07]} axb4 {[%emt 0:01:04]} 28. axb4 {[%emt 0:00:08]} hxg3 {[%emt 0:02:46]} 29. hxg3 {[%emt 0:00:24]} Nd4 {[%emt 0:01:05]} 30. Ne2 {[%emt 0:13:20]} Nxe2+ {[%emt 0:02:13]} 31. Qxe2 {[%emt 0:02:04]} Qg5 {[%emt 0:00:37]} 32. Rd3 {[%emt 0:01:30]} b5 {[%emt 0:03:11]} 33. Rxd6 {[%emt 0:09:58]} Rxd6 {[%emt 0:01:49]} 34. Rxd6 {[%emt 0:00:07]} Qc1+ {[%emt 0:00:34]} 35. Kh2 {[%emt 0:01:22]} Rh8+ {[%emt 0:06:08]} 36. Bh3 {[%emt 0:00:07]} Rxh3+ {[%emt 0:01:28]} 37. Kxh3 {[%emt 0:00:08]} Qh1+ {[%emt 0:00:15]} 38. Qh2 {[%emt 0:00:06]} Qxe4 {[%emt 0:00:17]} 39. cxb5 {[%emt 0:03:48]} Bxb5 {[%emt 0:05:38]} 40. Qg2 {[%emt 0:04:02]} Qxb4 {[%emt 0:09:35]} 41. Qd5 {[%emt 0:08:34]} Qb2 {[%emt 0:12:07]} 42. Qf3 {[%emt 0:03:12]} Qb1 {[%emt 0:11:24]} 43. Qf6+ {[%emt 0:12:17]} Kh7 {[%emt 0:00:23]} 44. Qxe5 {[%emt 0:02:21]} Qh1+ {[%emt 0:08:25]} 45. Kg4 {[%emt 0:00:05]} Be2+ {[%emt 0:01:37]} 46. Kf4 {[%emt 0:00:09]} Qc1+ {[%emt 0:05:06]} 47. Qe3 {[%emt 0:02:44]} Qc7 {[%emt 0:02:28]} 48. Qe6 {[%emt 0:01:36]} Qc1+ {[%emt 0:00:27]} 49. Qe3 {[%emt 0:01:29]} Qc7 {[%emt 0:00:43]} 50. Qd4 {[%emt 0:01:13]} Qc1+ {[%emt 0:02:09]} 51. Qd2 {[%emt 0:00:46]} Qf1+ {[%emt 0:01:54]} 52. Ke5 {[%emt 0:00:06]} Bb5 {[%emt 0:01:50]} 53. Qe3 {[%emt 0:01:25]} Qc4 {[%emt 0:01:58]} 54. Kf6 {[%emt 0:00:47]} Qf1+ {[%emt 0:00:32]} 55. Qf4 {[%emt 0:00:12]} Qa1+ {[%emt 0:00:27]} 56. Kg5 {[%emt 0:00:09]} Be8 {[%emt 0:00:57]} 57. Qh4+ {[%emt 0:00:44]} Kg8 {[%emt 0:00:12]} 58. Qc4+ {[%emt 0:00:09]} Kh7 {[%emt 0:00:32]} 59. Qc5 {[%emt 0:01:38]} Qe1 {[%emt 0:00:58]} 60. Qc7+ {[%emt 0:00:29]} Kg8 {[%emt 0:00:19]} 61. Qc4+ {[%emt 0:00:27]} Kh7 {[%emt 0:00:26]} 62. Qh4+ {[%emt 0:00:35]} Kg8 {[%emt 0:00:18]} 63. Qf4 {[%emt 0:00:46]} Qe7+ {[%emt 0:00:45]} 64. Kg4 {[%emt 0:00:24]} Qe2+ {[%emt 0:00:39]} 65. Kh3 {[%emt 0:00:23]} Qh5+ {[%emt 0:00:23]} 66. Kg2 {[%emt 0:00:19]} Qe2+ {[%emt 0:00:09]} 67. Qf2 {[%emt 0:00:14]} Qe4+ {[%emt 0:00:04]} 68. Kh2 {[%emt 0:00:11]} Qe5 {[%emt 0:01:01]} 69. Rd4 {[%emt 0:00:26]} Qc5 {[%emt 0:01:13]} 70. Qe3 {[%emt 0:01:05]} Qb5 {[%emt 0:00:48]} 71. Qd2 {[%emt 0:00:59]} Qh5+ {[%emt 0:00:35]} 72. Rh4 {[%emt 0:00:06]} Qe5 {[%emt 0:00:16]} 73. Qa2+ {[%emt 0:00:47]} Kg7 {[%emt 0:00:37]} 74. Qa7+ {[%emt 0:00:18]} Bf7 {[%emt 0:00:37]} 75. Qd4 {[%emt 0:00:30]} Qxd4 {[%emt 0:00:07]} 76. Rxd4 {[%emt 0:00:08]} Be6 {[%emt 0:00:41]} 77. Kg2 {[%emt 0:00:52]} Kf6 {[%emt 0:00:05]} 78. Kf3 {[%emt 0:00:26]} Bf5 {[%emt 0:01:06]} 79. Ra4 {[%emt 0:00:49]} Bc2 {[%emt 0:00:19]} 80. Ra6+ {[%emt 0:00:19]} Kg5 {[%emt 0:00:44]} 81. Ra5+ {[%emt 0:00:17]} Kf6 {[%emt 0:00:04]} 82. Kf4 {[%emt 0:00:12]} Bd3 {[%emt 0:00:26]} 83. Rc5 {[%emt 0:00:22]} Bb1 {[%emt 0:01:01]} 84. Rc6+ {[%emt 0:00:07]} Kf7 {[%emt 0:00:33]} 85. Kg5 {[%emt 0:00:10]} Be4 {[%emt 0:00:13]} 86. Rc7+ {[%emt 0:00:18]} Kf8 {[%emt 0:00:45]} 87. Kf6 {[%emt 0:00:16]} Bf5 {[%emt 0:00:08]} 88. Rg7 {[%emt 0:00:15]} Bc2 {[%emt 0:00:20]} 89. g4 {[%emt 0:01:01]} Be4 {[%emt 0:00:28]} 90. Rxg6 {[%emt 0:00:26]} Bxg6 {[%emt 0:00:05]} 91. Kxg6 {[%emt 0:00:08]} Kg8 {[%emt 0:00:01]} 92. g5 {[%emt 0:00:14]} Kh8 {[%emt 0:00:09]} 93. Kf7 {[%emt 0:00:07]} 1-0

[Event "Groningen Festival 2018"]
[Site "Groningen"]
[Date "2018.12.28"]
[Round "7"]
[White "Krasenkova, Ilena"]
[Black "Cerveny, Martin"]
[Result "1/2-1/2"]
[WhiteElo "2144"]
[BlackElo "2347"]
[Annotator "NA"]
[PlyCount "146"]
[EventDate "2018.12.22"]
[EventType "swiss"]
[EventCountry "NED"]
[SourceTitle "playchess.com"]
[Source "ChessBase"]
[SourceQuality "1"]
[TimeControl "40/5400+30:1800+30"]

1. d4 {[%emt 0:00:00]} d6 {[%emt 0:00:00]} 2. Nf3 {[%emt 0:00:00]} Nf6 {[%emt 0:00:22]} 3. c4 {[%emt 0:00:00]} Nbd7 {[%emt 0:00:11]} 4. Nc3 {[%emt 0:00:16]} e5 {[%emt 0:00:09]} 5. e4 {[%emt 0:00:16]} c6 {[%emt 0:01:19]} 6. Be2 {[%emt 0:01:04]} g6 {[%emt 0:00:22]} 7. O-O {[%emt 0:00:36]} Bg7 {[%emt 0:00:07]} 8. d5 {[%emt 0:01:37]} cxd5 {[%emt 0:00:43]} 9. cxd5 {[%emt 0:00:06]} O-O {[%emt 0:00:10]} 10. Qc2 {[%emt 0:01:26]} Ne8 {[%emt 0:04:58]} 11. Bg5 {[%emt 0:01:28]} Ndf6 {[%emt 0:00:32]} 12. Qd2 {[%emt 0:02:47]} Bg4 {[%emt 0:03:47]} 13. Rfc1 {[%emt 0:00:35]} Kh8 {[%emt 0:08:34]} 14. h3 {[%emt 0:03:37]} Bxf3 {[%emt 0:00:32]} 15. Bxf3 {[%emt 0:00:04]} Qd7 {[%emt 0:00:59]} 16. a4 {[%emt 0:01:11]} Ng8 {[%emt 0:01:42]} 17. Qd3 {[%emt 0:07:27]} f5 {[%emt 0:01:57]} 18. Bd2 {[%emt 0:00:14]} Ngf6 {[%emt 0:01:27]} 19. Rc2 {[%emt 0:02:30]} fxe4 {[%emt 0:03:46]} 20. Nxe4 {[%emt 0:00:44]} Nxe4 {[%emt 0:00:06]} 21. Bxe4 {[%emt 0:00:16]} Nf6 {[%emt 0:00:07]} 22. Be3 {[%emt 0:03:39]} a6 {[%emt 0:02:02]} 23. a5 {[%emt 0:03:05]} Rac8 {[%emt 0:02:09]} 24. Rc3 {[%emt 0:11:37]} Nxe4 {[%emt 0:05:57]} 25. Qxe4 {[%emt 0:03:33]} Qb5 {[%emt 0:00:10]} 26. Rxc8 {[%emt 0:11:54]} Rxc8 {[%emt 0:01:05]} 27. Qg4 {[%emt 0:02:19]} Re8 {[%emt 0:00:43]} 28. Qa4 {[%emt 0:00:20]} e4 {[%emt 0:22:12]} 29. Qxb5 {[%emt 0:01:18]} axb5 {[%emt 0:00:02]} 30. a6 {[%emt 0:01:26]} bxa6 {[%emt 0:00:04]} 31. Rxa6 {[%emt 0:00:03]} Bxb2 {[%emt 0:00:21]} 32. Rb6 {[%emt 0:02:31]} Be5 {[%emt 0:02:06]} 33. Rxb5 {[%emt 0:00:06]} Ra8 {[%emt 0:00:49]} 34. g3 {[%emt 0:00:12]} Ra1+ {[%emt 0:03:23]} 35. Kg2 {[%emt 0:00:05]} Rd1 {[%emt 0:00:05]} 36. Rb4 {[%emt 0:06:30]} Rxd5 {[%emt 0:00:31]} 37. Rxe4 {[%emt 0:00:04]} Kg7 {[%emt 0:00:09]} 38. Ra4 {[%emt 0:01:25]} h5 {[%emt 0:04:37]} 39. g4 {[%emt 0:00:09]} Kf7 {[%emt 0:00:40]} 40. Ra7+ {[%emt 0:03:16]} Ke6 {[%emt 0:00:39]} 41. gxh5 {[%emt 0:30:06]} gxh5 {[%emt 0:30:06]} 42. Rh7 {[%emt 0:00:07]} Bf6 {[%emt 0:00:19]} 43. Kg3 {[%emt 0:04:31]} Rf5 {[%emt 0:01:37]} 44. Rb7 {[%emt 0:05:31]} d5 {[%emt 0:05:32]} 45. Rb6+ {[%emt 0:00:09]} Ke5 {[%emt 0:00:31]} 46. Rb4 {[%emt 0:00:20]} Ke6 {[%emt 0:02:24]} 47. Rb6+ {[%emt 0:02:40]} Kd7 {[%emt 0:00:17]} 48. Rb7+ {[%emt 0:00:58]} Kc6 {[%emt 0:00:07]} 49. Rb6+ {[%emt 0:00:03]} Kc7 {[%emt 0:00:06]} 50. Rb4 {[%emt 0:00:25]} Bc3 {[%emt 0:00:55]} 51. Ra4 {[%emt 0:00:42]} Kc6 {[%emt 0:00:06]} 52. h4 {[%emt 0:05:58]} Kb5 {[%emt 0:00:48]} 53. Ra8 {[%emt 0:00:05]} d4 {[%emt 0:01:38]} 54. Bf4 {[%emt 0:00:31]} Be1 {[%emt 0:08:13]} 55. Ra2 {[%emt 0:04:28]} d3 {[%emt 0:05:20]} 56. Be3 {[%emt 0:00:05]} Kc4 {[%emt 0:01:32]} 57. Kg2 {[%emt 0:04:52]} Kb3 {[%emt 0:00:10]} 58. Ra1 {[%emt 0:00:14]} Bc3 {[%emt 0:04:18]} 59. Rb1+ {[%emt 0:00:42]} Kc2 {[%emt 0:00:06]} 60. Rc1+ {[%emt 0:00:05]} Kb2 {[%emt 0:00:24]} 61. Rd1 {[%emt 0:01:07]} Rd5 {[%emt 0:00:16]} 62. Kf3 {[%emt 0:00:41]} d2 {[%emt 0:01:03]} 63. Bxd2 {[%emt 0:04:37]} Bxd2 {[%emt 0:00:06]} 64. Ke4 {[%emt 0:00:03]} Rd8 {[%emt 0:01:27]} 65. f4 {[%emt 0:01:31]} Kc3 {[%emt 0:01:05]} 66. Rf1 {[%emt 0:00:18]} Kc4 {[%emt 0:02:30]} 67. Kf5 {[%emt 0:00:53]} Rg8 {[%emt 0:02:24]} 68. Ke6 {[%emt 0:00:10]} Rg4 {[%emt 0:00:29]} 69. f5 {[%emt 0:00:07]} Rxh4 {[%emt 0:00:00]} 70. f6 {[%emt 0:00:00]} Bb4 {[%emt 0:00:00]} 71. f7 {[%emt 0:00:00]} Re4+ {[%emt 0:00:00]} 72. Kf5 {[%emt 0:00:00]} Rd4 {[%emt 0:00:00]} 73. Rf4 {[%emt 0:00:00]} Rxf4+ {[%emt 0:03:07] Ke4 [%clk 0:00:00]} 1/2-1/2

[Event "Groningen Festival 2018"]
[Site "Groningen"]
[Date "2018.12.28"]
[Round "7"]
[White "Keuning, Selwin"]
[Black "Zwirs, Nico"]
[Result "1/2-1/2"]
[WhiteElo "2013"]
[BlackElo "2414"]
[Annotator "TA"]
[PlyCount "140"]
[EventDate "2018.12.22"]
[EventType "swiss"]
[EventCountry "NED"]
[SourceTitle "playchess.com"]
[Source "ChessBase"]
[SourceQuality "1"]

{[%evp 16,140,52,46,51,51,50,55,56,34,73,77,99,85,91,93,101,106,114,101,114,106,107,88,77,73,75,56,53,50,59,43,45,34,75,-62,-62,-45,-55,-56,-41,-54,-41,-77,-49,-87,-67,-79,-80,-79,-50,-82,-30,-30,-30,-60,-30,-30,-30,-34,-31,-31,-30,-30,-31,-31,-16,-52,-52,-52,-32,-32,-32,-32,-32,-32,0,0,0,0,0,0,19,-18,-14,-20,-18,-20,0,-16,-18,-120,-120,-120,-120,-120,-121,-151,-137,-212,-167,-167,-170,-170,-163,-158,-15,-15,-10,-10,-8,-8,-8,-8,-8,-8,0,0,0,0,0,0,8,0,0,0,0]} 1. e4 c5 2. c3 Nf6 3. e5 Nd5 4. Nf3 e6 5. Bc4 Nb6 6. Bb3 c4 7. Bc2 d6 {B22: Sicilian: 2 c3} (7... Nc6 8. O-O d6 9. exd6 Qxd6 10. a4 Qc7 11. d3 cxd3 12. Qxd3 Nd5 13. Na3 a6 14. Re1 Be7 15. Nc4 {½-½ (69) Jones,G (2640)-Lagarde,M (2586) chess.com INT 2018}) 8. d4 cxd3 9. Qxd3 {LiveBook: 4 Games} dxe5 {White is slightly better.} 10. Qxd8+ Kxd8 11. Nxe5 Ke8 12. O-O $146 ({Predecessor:} 12. a4 Bd6 13. a5 Nd5 14. Nc4 Bc7 15. Nbd2 {0-1 (45) Arvola,B (2300)-Firat,B (2423) Athens 2012}) 12... N8d7 13. Nf3 Bd6 14. Re1 a6 15. Nbd2 Nf6 16. b3 Bd7 17. Bb2 Ke7 18. Nd4 g6 19. Ne4 Nxe4 20. Bxe4 Rab8 21. Rad1 Rhd8 22. c4 Nc8 {[%cal Bb6c8,Bc8a7,Ba7c6][%mdl 32]} 23. Bc3 Na7 24. Nf3 Bc6 25. Bc2 ({Better is} 25. Ng5 $16) 25... Bxf3 $1 $15 26. gxf3 Nc6 27. Bb2 Rd7 28. Kg2 Rbd8 29. a3 a5 30. Rd5 Bc7 31. Rxd7+ $1 Rxd7 32. Rd1 Bd6 33. h3 Rc7 (33... f5 $17) 34. Bc1 $11 Bc5 35. Bb2 f5 (35... Rd7 {is more complex.} 36. f4 Bd4 37. Bc1 Bc3 38. Be3 Bb2) 36. f4 Rd7 37. Rxd7+ Kxd7 {[%mdl 4096] Endgame KBB-KBN} 38. Kf1 Bd4 39. Bc1 Kd6 40. Ke2 Kc5 41. f3 Bg7 42. Kd3 Kd6 43. Bd1 Ba1 44. Be2 Bf6 45. Bd1 Be7 46. Be3 Bf8 47. c5+ Kd7 ({But not} 47... Kd5 $6 48. b4 $1 $16 {[%mdl 512]}) 48. Kc4 Bh6 49. b4 axb4 50. axb4 Ne7 51. Ba4+ Kd8 52. Bb3 Nd5 53. Kd4 {[#]} (53. Bf2 $1 $11) 53... Bg7+ $1 $17 54. Kd3 Nxb4+ 55. Kc4 Nd5 56. Bf2 Nxf4 57. Bh4+ (57. Kb5 $17) 57... Kc8 58. Kb5 Nd5 59. c6 Bd4 60. Bg3 f4 (60... g5 $17 61. Kc4 Be3) 61. cxb7+ $11 {The position is equal.} Kc7 62. Bh2 g5 {And now ...Bf2 would win.} 63. Bxd5 exd5 {[#] KB-KB} 64. b8=Q+ $1 {[%mdl 512]} Kxb8 65. Kc6 Bf2 {...d4 is the strong threat.} 66. Kxd5 Kc7 67. Ke5 Bg3 68. Bg1 Kd7 69. Kf6 Bh4 $1 70. Kg7 Ke6 {Accuracy: White = 55%, Black = 51%.} 1/2-1/2

[Event "Groningen Festival 2018"]
[Site "Groningen"]
[Date "2018.12.29"]
[Round "8"]
[White "Tiviakov, Sergei"]
[Black "Vrolijk, Liam"]
[Result "1/2-1/2"]
[WhiteElo "2613"]
[BlackElo "2440"]
[Annotator "ChessBase"]
[PlyCount "108"]
[EventDate "2018.12.22"]
[EventType "swiss"]
[EventCountry "NED"]
[SourceTitle "playchess.com"]
[Source "ChessBase"]
[SourceQuality "1"]
[TimeControl "40/5400+30:1800+30"]

1. e4 {[%emt 0:00:00]} e5 {[%emt 0:00:00]} 2. Nf3 {[%emt 0:00:00]} Nc6 {[%emt 0:00:00]} 3. Bc4 {[%emt 0:00:00]} Bc5 {[%emt 0:00:00]} 4. c3 {[%emt 0:00:00]} Nf6 {[%emt 0:00:00]} 5. d3 {[%emt 0:00:02]} O-O {[%emt 0:00:04]} 6. Bg5 {[%emt 0:00:24]} h6 {[%emt 0:00:20]} 7. Bh4 {[%emt 0:00:13]} Be7 {[%emt 0:00:16]} 8. Nbd2 {[%emt 0:00:12]} d6 {[%emt 0:00:19]} 9. a4 {[%emt 0:01:44]} Nh5 {[%emt 0:05:28]} 10. Bg3 {[%emt 0:00:11]} Nxg3 {[%emt 0:12:16]} 11. hxg3 {[%emt 0:00:06]} Bf6 {[%emt 0:03:27]} 12. Bb3 {[%emt 0:03:50]} Ne7 {[%emt 0:03:51]} 13. Qe2 {[%emt 0:02:51]} c6 {[%emt 0:05:54]} 14. Nc4 {[%emt 0:00:22]} Be6 {[%emt 0:04:27]} 15. Bc2 {[%emt 0:00:37]} a5 {[%emt 0:07:59]} 16. O-O {[%emt 0:02:25]} Re8 {[%emt 0:05:36]} 17. Rfd1 {[%emt 0:10:38]} Qc7 {[%emt 0:03:34]} 18. d4 {[%emt 0:02:11]} exd4 {[%emt 0:10:32]} 19. Nxd4 {[%emt 0:00:20]} Bxc4 {[%emt 0:02:40]} 20. Qxc4 {[%emt 0:00:07]} d5 {[%emt 0:01:23]} 21. exd5 {[%emt 0:04:21]} Nxd5 {[%emt 0:01:14]} 22. Qd3 {[%emt 0:04:59]} g6 {[%emt 0:00:53]} 23. Qf3 {[%emt 0:05:29]} Bg7 {[%emt 0:01:35]} 24. Nb5 {[%emt 0:14:05]} cxb5 {[%emt 0:08:06]} 25. Rxd5 {[%emt 0:11:15]} b4 {[%emt 0:02:02]} 26. Rad1 {[%emt 0:17:53]} Rad8 {[%emt 0:02:59]} 27. Bb3 {[%emt 0:10:21]} Rxd5 {[%emt 0:00:33]} 28. Rxd5 {[%emt 0:00:52]} bxc3 {[%emt 0:01:39]} 29. bxc3 {[%emt 0:00:03]} b6 {[%emt 0:01:43]} 30. Rd6 {[%emt 0:03:59]} Qxd6 {[%emt 0:06:43]} 31. Qxf7+ {[%emt 0:00:05]} Kh7 {[%emt 0:00:06]} 32. Qxe8 {[%emt 0:00:03]} Qf8 {[%emt 0:00:20]} 33. Qe6 {[%emt 0:02:01]} Qd8 {[%emt 0:01:22]} 34. Bc2 {[%emt 0:01:15]} Qg5 {[%emt 0:00:59]} 35. Be4 {[%emt 0:00:37]} Qf6 {[%emt 0:00:39]} 36. Qg4 {[%emt 0:01:42]} Qg5 {[%emt 0:00:05]} 37. Qe6 {[%emt 0:00:13]} Qf6 {[%emt 0:00:07]} 38. Qe8 {[%emt 0:00:27]} Qd6 {[%emt 0:00:12]} 39. Kh2 {[%emt 0:02:14]} Bxc3 {[%emt 0:00:37]} 40. Qf7+ {[%emt 0:00:27]} Bg7 {[%emt 0:00:08]} 41. f4 {[%emt 0:30:29]} Qf6 {[%emt 0:32:05]} 42. Qe8 {[%emt 0:00:00]} h5 {[%emt 0:00:00]} 43. Kh3 {[%emt 0:00:00]} Kh6 {[%emt 0:00:00]} 44. g4 {[%emt 0:00:00]} hxg4+ {[%emt 0:00:00]} 45. Kxg4 {[%emt 0:00:00]} Bf8 {[%emt 0:00:00]} 46. Qd7 {[%emt 0:00:00]} Bd6 {[%emt 0:00:00]} 47. g3 {[%emt 0:00:00]} Be7 {[%emt 0:00:00]} 48. Qc8 {[%emt 0:00:00]} Kg7 {[%emt 0:00:00]} 49. Bd5 {[%emt 0:00:00]} Bf8 {[%emt 0:00:00]} 50. Be6 {[%emt 0:00:00]} Qd4 {[%emt 0:00:00]} 51. Qb7+ {[%emt 0:00:00]} Kh6 {[%emt 0:00:00]} 52. Bb3 {[%emt 0:00:00]} Qd3 {[%emt 0:00:00]} 53. Qh1+ {[%emt 0:00:00]} Kg7 {[%emt 0:00:00]} 54. Qb7+ {[%emt 0:00:00]} Kh6 {[%emt 0:00:00]} 1/2-1/2